00778nam a2200181Ia 4500003000900000008004100009020001800050040001600068080002400084111008500108245023400193260003300427300002300460650004100483650002000524700002600544700002600570IN-BaIIA211028s9999 xx 000 0 eng d a0-306-40303-X cIIA Library a524.834(082.1)bHAD aWorkshop on "Hadronic Matter At Extreme Energy Density,"cEriced1978 Oct. 13-21 0aHadronic matter at extreme Energy densityb proceedings of Workshop on "Hadronic Matter at Extreme Energy Density," held in the Ettore Majorana Center in Erice, October 13-21, 1978. cedited by Nicola Cabibbo and Luigi Sertorio aNew YorkbPlenum Pressc1980 a[various pagings.] aAstronomy and Astrophysics thesaurus aHadronic matter aCabibbo, Nicola., ed. aSertorio, Luigi., ed.